|
|
|
|
| LEADER |
02465nam a22004695a 4500 |
| 001 |
28171 |
| 003 |
BD-DhAAL |
| 005 |
20190523135023.0 |
| 008 |
140710s2011 cauabe b 000 0 eng d |
| 999 |
|
|
|c 32853
|d 32853
|
| 010 |
|
|
|a 2011276538
|
| 020 |
|
|
|a 0983076308
|
| 020 |
|
|
|a 9780983076308
|
| 035 |
|
|
|a (OCoLC)ocn748364486
|
| 040 |
|
|
|a YDXCP
|c YDXCP
|d OMB
|d OSU
|d XS#
|d DLC
|d BD-DhAAL
|
| 041 |
|
|
|a eng
|
| 042 |
|
|
|a pcc
|
| 043 |
|
|
|a n-us---
|
| 082 |
0 |
0 |
|2 20
|a 720.922
|
| 100 |
1 |
|
|a Mayne, Thom.
|9 5336
|
| 245 |
1 |
0 |
|a Combinatory urbanism :
|b the complex behavior of collective form /
|c [Thom Mayne, Stan Allen ; project credits, architecture and urban design, Morphosis ; design director, Thom Mayne].
|
| 246 |
3 |
0 |
|a Complex behavior of collective form
|
| 246 |
1 |
3 |
|a Morphosis on urban planning
|
| 260 |
|
|
|a Culver City, CA :
|b Stray Dog Cafe,
|c c2011
|
| 300 |
|
|
|a 448 p. :
|b ill. (some col.), maps (some col.), plans (some col.) ;
|c 23 cm.
|
| 500 |
|
|
|a "Morphosis on urban planning: 12 case studies"--Cover.
|
| 504 |
|
|
|a Includes bibliographical references (p. 431-446).
|
| 505 |
0 |
|
|a Combinatory urbanism: the complex behavior of collective form / Thom Mayne -- Thom Mayne's information landscapes / Stan Allen -- Urban proposals : New City Park, 1999 ; World Trade Center, 2002 ; NYC2012 Olympic Village, 2004 ; Panang Turf Club, 2004 ; Manzanares River Park Development, 2005 ; New Orleans Jazz Park, 2006 ; College Avenue master plan, 2006 ; East Darling Harbour Development, 2006 ; Los Angeles State Historic Park, 2006 ; New New Orleans urban redevelopment, 2007 ; Greenwich South Visioning, 2009 ; Pudong Cultural Center and Park, 2004 -- A design strategy for overnight cities: from zero to city in 14 years.
|
| 526 |
|
|
|a ARC
|
| 541 |
|
|
|e 28171
|
| 610 |
2 |
0 |
|a Morphosis Architects.
|9 5337
|
| 650 |
|
0 |
|a Architectural firms
|z United States
|v Designs and plans.
|9 5338
|
| 650 |
|
0 |
|a Urban renewal
|x Planning.
|9 5339
|
| 650 |
|
0 |
|a City planning
|v Designs and plans.
|9 5340
|
| 650 |
|
0 |
|a Parks
|v Designs and plans.
|9 5341
|
| 650 |
|
4 |
|a Arquitectura moderna
|y Siglo 21.
|9 5342
|
| 650 |
|
4 |
|a Urbanismo.
|9 5343
|
| 700 |
1 |
|
|a Allen, Stan.
|9 5344
|
| 700 |
1 |
|
|a Mayne, Thom.
|9 5345
|
| 710 |
2 |
|
|a Morphosis Architects.
|9 5346
|
| 942 |
|
|
|2 ddc
|c BK
|0 1
|
| 952 |
|
|
|0 0
|1 0
|2 ddc
|4 0
|6 720_922000000000000_MAY
|7 0
|9 43087
|a BRACUL
|b BRACUL
|c GEN
|d 2014-07-10
|e Trim Education
|g 5975.00
|l 16
|m 170
|o 720.922 MAY
|p 3010028171
|q 2025-12-17
|r 2025-07-02
|s 2025-07-02
|t 1
|w 2014-07-10
|y BK
|